书目信息 |
| 题名: |
化学重要史实
|
|
| 作者: | 袁翰青 , 应礼文 编 | |
| 分册: | ||
| 出版信息: | 北京 人民教育出版社 1989.06 |
|
| 页数: | 683页 | |
| 开本: | 21cm | |
| 丛书名: | ||
| 单 册: | ||
| 中图分类: | O6-09 | |
| 科图分类: | ||
| 主题词: | 化学--理论 , 化学--方法 | |
| 电子资源: | ||
| ISBN: | 7-107-10199-4 | |
| 000 | 00614nam0 2200217 45 | |
| 001 | 0405200851 | |
| 005 | 20040520085410.5 | |
| 010 | @a7-107-10199-4@b精装@dCNY9.75 | |
| 100 | @a20040520d1989 km y0chiy0120 ea | |
| 101 | 0 | @achi |
| 105 | @a z 000yy | |
| 200 | 1 | @a化学重要史实@AHua Xue Zhong Yao Shi Shi@f袁翰青,应礼文编@FYuan Han Qing,Ying Li Wen Bian |
| 210 | @a北京@c人民教育出版社@d1989.06 | |
| 215 | @a683页@d21cm | |
| 606 | 0 | @a化学@x理论 |
| 606 | 0 | @a化学@x方法 |
| 690 | @aO6-09@v3 | |
| 701 | 0 | @a袁翰青@4编 |
| 701 | 0 | @a应礼文@4编 |
| 801 | @aCN@bPftUser@c20040520 | |
| 905 | @f1@b226635@dO6-09@e217 | |
| 化学重要史实/袁翰青,应礼文编.-北京:人民教育出版社,1989.06 |
| 683页;21cm |
| ISBN 7-107-10199-4(精装):CNY9.75 |
| ● |
| 相关链接 |
|
|
|
|
正题名:化学重要史实
索取号:O6-09/217
 
预约/预借
| 序号 | 登录号 | 条形码 | 馆藏地/架位号 | 状态 | 备注 |
| 1 | 0226635 | 000341437 | 第三借阅区/ [索取号:O6-09/217] | 在馆 | |
| 2 | 0226636 | 202097890 | 第二样本阅览室/ [索取号:O6-09/217] | 在馆 |